Общая геология: учебное пособие

Bibliographic Details
Main Author: Рапацкая Л. А. Лариса Александровна
Summary:Рассмотрены современные представления о строении Солнечной системы, планет земной группы и планет-гигантов. С учетом новых данных изложены сведения о строении и составе Земли и земной коры. Освещены эндогенные и экзогенные процессы, их взаимодействие и взаимообусловленность, значение в формировании и развитии земной коры и рельефа Земли. Рассмотрены основные структурные элементы земной коры. Для студентов вузов, обучающихся по направлениям подготовки дипломированных специалистов «Прикладная геология» и «Технология геологической разведки».
Language:Russian
Published: Москва, Высшая школа, 2005
Subjects:
Format: Book
KOHA link:https://koha.lib.tpu.ru/cgi-bin/koha/opac-detail.pl?biblionumber=99787

MARC

LEADER 00000nam0a2200000 4500
001 99787
005 20260113142536.0
010 |a 5060048233 
035 |a (RuTPU)RU\TPU\book\107178 
090 |a 99787 
100 |a 20060713d2005 m y0rusy50 ca 
101 0 |a rus 
102 |a RU 
105 |a a j 001zy 
200 1 |a Общая геология  |e учебное пособие  |f Л. А. Рапацкая 
210 |a Москва  |c Высшая школа  |d 2005 
215 |a 448 с.  |c ил. 
320 |a Библиография в конце глав. 
320 |a Предметный указатель: с. 437-445. 
330 |a Рассмотрены современные представления о строении Солнечной системы, планет земной группы и планет-гигантов. С учетом новых данных изложены сведения о строении и составе Земли и земной коры. Освещены эндогенные и экзогенные процессы, их взаимодействие и взаимообусловленность, значение в формировании и развитии земной коры и рельефа Земли. Рассмотрены основные структурные элементы земной коры. Для студентов вузов, обучающихся по направлениям подготовки дипломированных специалистов «Прикладная геология» и «Технология геологической разведки». 
606 |a Геология общая  |9 89097 
610 1 |a Земля 
610 1 |a строение 
610 1 |a физические поля 
610 1 |a химия 
610 1 |a земная кора 
610 1 |a литосфера 
610 1 |a геохронология 
610 1 |a эндогенная динамика 
610 1 |a геодинамические процессы 
610 1 |a тектонические движения 
610 1 |a землетрясения 
610 1 |a магматизм 
610 1 |a метаморфизм 
610 1 |a экзогенная динамика 
610 1 |a выветривания 
610 1 |a ветер 
610 1 |a поверхностные текучие воды 
610 1 |a воды подземные 
610 1 |a геологическая деятельность 
610 1 |a ледники 
610 1 |a осадочные горные породы 
610 1 |a моря 
610 1 |a океаны 
610 1 |a озера 
610 1 |a болота 
610 1 |a учебные пособия 
675 |a 55  |v 3 
700 1 |a Рапацкая  |b Л. А.  |g Лариса Александровна 
801 1 |a RU  |b 63413507  |c 20060713  |g PSBO 
801 2 |a RU  |b 63413507  |c 20200907  |g PSBO 
942 |c BK